[Event "4NCL Division Three Knights"]
[Site "Telford, ENG"]
[Date "2024.05.06"]
[Round "11.52"]
[White "Scott, David A"]
[Black "Ashworth, Michael"]
[Result "1/2-1/2"]
[WhiteElo "2099"]
[BlackElo "1997"]
[PlyCount "134"]
[EventDate "2024.05.06"]
[WhiteTeam "Surbiton"]
[BlackTeam "Wotton Hall"]

1. c4 g6 2. g3 Bg7 3. Bg2 e5 4. Nc3 d6 5. d3 f5 6. e3 Nf6 7. Nge2 O-O 8. O-O a5
9. b3 c6 10. e4 Be6 11. Ba3 Re8 12. Rc1 Na6 13. exf5 Bxf5 14. d4 Bh6 15. Ra1 e4
16. Bc1 e3 17. h3 Nb4 18. Bxe3 Bxe3 19. fxe3 Rxe3 20. Rf3 Rxf3 21. Bxf3 Bxh3
22. a3 Na6 23. Nf4 Qd7 24. Qd2 Bg4 25. Bg2 Re8 26. Re1 Nc7 27. Na4 Qf5 28.
Rxe8+ Ncxe8 29. Nc3 g5 30. Nd3 h6 31. Qe3 Qe6 32. Kf2 Qxe3+ 33. Kxe3 Ng7 34.
Kf2 Nf5 35. d5 c5 36. b4 axb4 37. axb4 b6 38. Na4 Nd7 39. Bf3 Bxf3 40. Kxf3 h5
41. b5 Kf7 42. Nc3 Nd4+ 43. Kf2 g4 44. Ne4 Ke7 45. Nc3 Nf3 46. Ne4 Nde5 47. Nb2
h4 48. gxh4 Nxh4 49. Kg3 Nf5+ 50. Kf4 Nd4 51. Kg3 Nc2 52. Kf4 Na3 53. Nc3 Kf7
54. Kg3 Kg6 55. Ne4 Naxc4 56. Nxc4 Nxc4 57. Kxg4 Ne3+ 58. Kf3 Nxd5 59. Nxd6 Kf6
60. Ke4 Ke6 61. Nc4 Nc3+ 62. Kd3 Nd5 63. Ke4 Nc3+ 64. Kd3 Nxb5 65. Nxb6 Kd6 66.
Na4 Kd5 67. Nxc5 Kxc5 1/2-1/2

[Event "4NCL Division Three Knights"]
[Site "Telford, ENG"]
[Date "2024.05.06"]
[Round "11.53"]
[White "Ashworth, Robert"]
[Black "Faulks, Nick"]
[Result "1-0"]
[WhiteElo "1928"]
[BlackElo "1988"]
[PlyCount "47"]
[EventDate "2024.05.06"]
[WhiteTeam "Wotton Hall"]
[BlackTeam "Surbiton"]

1. e4 c5 2. Nf3 e6 3. c3 d5 4. exd5 Qxd5 5. d4 Nf6 6. Be2 cxd4 7. cxd4 Bb4+ 8.
Nc3 O-O 9. O-O Qa5 10. Qb3 Nc6 11. Rd1 Ne7 12. Ne5 Bxc3 13. bxc3 Ned5 14. Bb2
Ne4 15. Bf3 Nexc3 16. Bxc3 Nxc3 17. Nc4 Qc7 18. Qxc3 Rb8 19. Qb4 b5 20. Ne5 f6
21. Rac1 a5 22. Rxc7 axb4 23. Nc6 Rb6 24. Ne7+ 1-0

[Event "4NCL Division Three Knights"]
[Site "Telford, ENG"]
[Date "2024.05.06"]
[Round "11.54"]
[White "Morrison, Joseph"]
[Black "Moldovan, Alexandru-Mitic"]
[Result "0-1"]
[WhiteElo "1908"]
[BlackElo "1879"]
[PlyCount "58"]
[EventDate "2024.05.06"]
[WhiteTeam "Surbiton"]
[BlackTeam "Wotton Hall"]

1. c4 e5 2. Nc3 Bb4 3. Nd5 Ba5 4. b4 c6 5. bxa5 cxd5 6. cxd5 Nf6 7. Bb2 d6 8.
e4 Qxa5 9. Qc2 O-O 10. Bc3 Qc5 11. h3 b5 12. Bd3 a5 13. Rc1 Nbd7 14. Qb1 Qa7
15. Bc2 b4 16. Bb2 Nc5 17. d4 exd4 18. Bxd4 Ba6 19. Ne2 Rfe8 20. f3 Nxd5 21.
Bd1 Qe7 22. O-O Nf6 23. e5 Nfd7 24. exd6 Qxd6 25. Bxc5 Nxc5 26. Rc2 Bd3 27. Rd2
Qc6 28. Qb2 Bxe2 29. Bxe2 Nd3 0-1

[Event "4NCL Division Three Knights"]
[Site "Telford, ENG"]
[Date "2024.05.06"]
[Round "11.55"]
[White "Maclannan, Richard"]
[Black "Davies, Neil"]
[Result "0-1"]
[WhiteElo "1846"]
[BlackElo "1897"]
[PlyCount "62"]
[EventDate "2024.05.06"]
[WhiteTeam "Wotton Hall"]
[BlackTeam "Surbiton"]

1. f4 d5 2. e3 Nf6 3. b3 Bf5 4. Bb2 e6 5. Nf3 Be7 6. h3 h5 7. Nc3 Nbd7 8. Be2
Ne4 9. Nxe4 dxe4 10. Nh2 Bh4+ 11. Kf1 Bg3 12. Kg1 Qh4 13. Nf1 Bf2+ 14. Kh2 Nf6
15. Bxf6 gxf6 16. Rg1 Rg8 17. g4 Bxg1+ 18. Kxg1 hxg4 19. Qe1 g3 20. Bg4 Bxg4
21. hxg4 Rxg4 22. Qe2 O-O-O 23. Qg2 Rh8 24. Re1 Qh6 25. Re2 Rh4 26. Qxg3 Rh1+
27. Kf2 Rxf1+ 28. Kxf1 Qh1+ 29. Qg1 Qf3+ 30. Rf2 Qd1+ 31. Kg2 Rg8+ 0-1

[Event "4NCL Division Three Knights"]
[Site "Telford, ENG"]
[Date "2024.05.06"]
[Round "11.56"]
[White "Alcock, Graham P"]
[Black "Norris, Zack"]
[Result "1/2-1/2"]
[WhiteElo "1773"]
[BlackElo "1827"]
[PlyCount "100"]
[EventDate "2024.05.06"]
[WhiteTeam "Surbiton"]
[BlackTeam "Wotton Hall"]

1. e4 e5 2. Nf3 Nc6 3. c3 d5 4. Qa4 dxe4 5. Nxe5 Qd5 6. Nxc6 bxc6 7. Bc4 Qd7 8.
O-O Nf6 9. f3 Bc5+ 10. Kh1 exf3 11. Rxf3 O-O 12. d4 Bd6 13. Bf4 Bxf4 14. Rxf4
Qd6 15. g3 g5 16. Rf1 Bh3 17. Re1 Rfe8 18. Nd2 g4 19. Qa5 Nd5 20. Bf1 Bxf1 21.
Nxf1 Qf6 22. c4 Nb6 23. c5 Nd5 24. Qd2 Rad8 25. Rad1 Rxe1 26. Rxe1 Ne7 27. Rd1
Ng6 28. Ne3 Qf3+ 29. Kg1 Re8 30. Re1 Rd8 31. Rd1 Qe4 32. Nc2 Qe7 33. Nb4 Ne5
34. Qf2 Nf3+ 35. Kf1 Qf6 36. Kg2 a5 37. Nc2 Rd5 38. Qe3 Rh5 39. Rh1 Qg6 40. Ne1
Nxe1+ 41. Rxe1 Rf5 42. Re2 Qf6 43. Qe4 h5 44. a3 Rf1 45. Qd3 Rc1 46. Rf2 Qe6
47. Qf5 Qxf5 48. Rxf5 Rd1 49. Rxh5 Rxd4 50. Rh6 Rd2+ 1/2-1/2

[Event "4NCL Division Three Knights"]
[Site "Telford, ENG"]
[Date "2024.05.06"]
[Round "11.61"]
[White "Kelmendi, Bajrush"]
[Black "Wilson, Ewan"]
[Result "1-0"]
[WhiteElo "2070"]
[BlackElo "2015"]
[PlyCount "127"]
[EventDate "2024.05.06"]
[WhiteTeam "Celtic Tigers 2"]
[BlackTeam "CSC/Kingston 2"]

1. e4 c5 2. c4 Nc6 3. Nc3 g6 4. d3 Bg7 5. Be2 d6 6. g4 Nd4 7. h4 h6 8. Be3 a6
9. g5 h5 10. Nh3 b5 11. Nf4 b4 12. Na4 Bd7 13. b3 Nxe2 14. Kxe2 Bxa1 15. Qxa1
Rh7 16. d4 cxd4 17. Bd2 e5 18. Nd5 Bc6 19. Bxb4 Bxd5 20. cxd5 f6 21. Rg1 Rc8
22. Nb2 Qb6 23. Bd2 Qb5+ 24. Nd3 f5 25. f3 Rhc7 26. Rb1 fxe4 27. fxe4 Rc2 28.
a4 Qd7 29. Nf2 Ne7 30. Rb2 Nxd5 31. exd5 Qf5 32. Rxc2 Rxc2 33. Qd1 Rb2 34. Qc1
Rc2 35. Qd1 Rc8 36. Qh1 Rc2 37. Ne4 Ke7 38. Qf3 Rb2 39. b4 Ra2 40. a5 Rb2 41.
Qxf5 gxf5 42. Ng3 f4 43. Nf5+ Kf8 44. Nxd6 f3+ 45. Kxf3 Rxd2 46. Nc4 Rh2 47.
Nxe5 d3 48. Nxd3 Rxh4 49. Nf4 Rh1 50. Ne6+ Ke7 51. Kg3 Rb1 52. Kh4 Rh1+ 53. Kg3
Rb1 54. Kh4 Rxb4+ 55. Kxh5 Rb5 56. Nf4 Rxa5 57. g6 Rb5 58. Kh6 a5 59. g7 Kf7
60. Kh7 Rb8 61. Ng6 Ra8 62. d6 a4 63. d7 a3 64. Nf8 1-0

[Event "4NCL Division Three Knights"]
[Site "Telford, ENG"]
[Date "2024.05.06"]
[Round "11.62"]
[White "Hasson, Peter"]
[Black "Serbanescu, Diana-Maria"]
[Result "1/2-1/2"]
[WhiteElo "1965"]
[BlackElo "2058"]
[PlyCount "71"]
[EventDate "2024.05.06"]
[WhiteTeam "CSC/Kingston 2"]
[BlackTeam "Celtic Tigers 2"]

1. c4 e5 2. g3 Nf6 3. Nc3 c6 4. Nf3 d6 5. Bg2 Be7 6. O-O O-O 7. e4 Nbd7 8. d4
Ne8 9. Qc2 Bf6 10. Be3 Nc7 11. Rfd1 Qe7 12. Rac1 g6 13. b4 Bg7 14. d5 cxd5 15.
cxd5 f5 16. Ne2 Na6 17. a3 Nf6 18. b5 fxe4 19. Nd2 Bg4 20. Nxe4 Rac8 21. Qd3
Nxe4 22. Bxe4 Nc5 23. Bxc5 dxc5 24. f3 Bh3 25. d6 Qg5 26. Bxb7 c4 27. Rxc4 Rxc4
28. Qxc4+ Kh8 29. Qd3 e4 30. Bxe4 Qc5+ 31. Kh1 Qf2 32. f4 Bf1 33. Rd2 Qe1 34.
Rd1 Qf2 35. Rd2 Qe1 36. Rd1 1/2-1/2

[Event "4NCL Division Three Knights"]
[Site "Telford, ENG"]
[Date "2024.05.06"]
[Round "11.63"]
[White "Skulte, Christopher"]
[Black "Amato, Giampiero"]
[Result "1-0"]
[WhiteElo "2016"]
[BlackElo "1964"]
[PlyCount "85"]
[EventDate "2024.05.06"]
[WhiteTeam "Celtic Tigers 2"]
[BlackTeam "CSC/Kingston 2"]

1. e4 e5 2. Nf3 Nf6 3. Nc3 Nc6 4. d4 exd4 5. Nxd4 Bb4 6. Nxc6 bxc6 7. Bd3 d5 8.
exd5 cxd5 9. O-O O-O 10. Bg5 c6 11. Qf3 Bd6 12. h3 Rb8 13. Rab1 Be6 14. Ne2 c5
15. Ng3 c4 16. Be2 h6 17. Be3 Re8 18. Bxa7 Ra8 19. Bd4 Rxa2 20. Rbd1 Nd7 21.
Rfe1 Be5 22. Bxc4 dxc4 23. Bxe5 Nxe5 24. Rxe5 Qb8 25. Rde1 Qxb2 26. Nh5 Ra1 27.
c3 Rxe1+ 28. Rxe1 Qd2 29. Re3 Qd6 30. Nf4 Rb8 31. Qe4 Bd7 32. Qxc4 Rb1+ 33. Kh2
Be6 34. Qd4 Qb8 35. Rg3 g5 36. Nxe6 fxe6 37. Qf6 Qb6 38. Qxh6 Kf7 39. Qxg5 Rb2
40. Qf4+ Ke8 41. Rg8+ Ke7 42. Rg7+ Ke8 43. Qf7+ 1-0

[Event "4NCL Division Three Knights"]
[Site "Telford, ENG"]
[Date "2024.05.06"]
[Round "11.64"]
[White "Lawson, Maurice E"]
[Black "Lea, Daniel J"]
[Result "0-1"]
[WhiteElo "1978"]
[BlackElo "1983"]
[PlyCount "58"]
[EventDate "2024.05.06"]
[WhiteTeam "CSC/Kingston 2"]
[BlackTeam "Celtic Tigers 2"]

1. e4 e6 2. d4 d5 3. Nc3 Nf6 4. Bg5 Be7 5. exd5 exd5 6. Bd3 Bg4 7. f3 Be6 8.
Nge2 O-O 9. Qd2 c6 10. O-O-O Ne8 11. Bxe7 Qxe7 12. g4 Nd6 13. Nf4 Nd7 14. Rde1
Rae8 15. h4 b5 16. Qg2 Nc4 17. Bxc4 bxc4 18. Nxe6 fxe6 19. Nd1 Qf6 20. Qg3 Qxd4
21. c3 Qf4+ 22. Qxf4 Rxf4 23. Re3 Nc5 24. Kd2 e5 25. Nf2 e4 26. Rhe1 Ref8 27.
Nh3 Rxf3 28. Ng5 Rf2+ 29. R3e2 h6 0-1

[Event "4NCL Division Three Knights"]
[Site "Telford, ENG"]
[Date "2024.05.06"]
[Round "11.65"]
[White "Stevenson, James"]
[Black "Stayt, James N"]
[Result "1/2-1/2"]
[WhiteElo "1998"]
[BlackElo "1923"]
[PlyCount "47"]
[EventDate "2024.05.06"]
[WhiteTeam "Celtic Tigers 2"]
[BlackTeam "CSC/Kingston 2"]

1. e4 e6 2. d4 d5 3. Nd2 Nf6 4. e5 Nfd7 5. Bd3 c5 6. c3 Nc6 7. Ne2 cxd4 8. cxd4
f6 9. exf6 Nxf6 10. O-O Bd6 11. Nf3 O-O 12. Nc3 a6 13. Bg5 Qc7 14. Bh4 g6 15.
Bg3 Nh5 16. Bxd6 Qxd6 17. Re1 Qf4 18. Ne2 Qf6 19. Qd2 Nf4 20. Nxf4 Qxf4 21. Qe3
Bd7 22. Rac1 Rac8 23. Rc3 Qxe3 24. fxe3 1/2-1/2

[Event "4NCL Division Three Knights"]
[Site "Telford, ENG"]
[Date "2024.05.06"]
[Round "11.66"]
[White "Evans, Harry G"]
[Black "White, John"]
[Result "1-0"]
[WhiteElo "1938"]
[BlackElo "1740"]
[PlyCount "110"]
[EventDate "2024.05.06"]
[WhiteTeam "CSC/Kingston 2"]
[BlackTeam "Celtic Tigers 2"]

1. d4 d5 2. Nf3 c6 3. e3 Nf6 4. c4 Bf5 5. Nc3 e6 6. cxd5 exd5 7. Be2 Bd6 8. O-O
Nbd7 9. a3 O-O 10. b4 a6 11. Bb2 Re8 12. Rc1 Ne4 13. Na4 Qe7 14. Nc5 Nf8 15.
Ne5 f6 16. Nxe4 Bxe4 17. Nd3 Qc7 18. h3 Qe7 19. Nc5 Bb8 20. Nxe4 Qxe4 21. Bf3
Qh4 22. a4 Ne6 23. Re1 Ng5 24. b5 Ne4 25. Bxe4 Qxe4 26. bxc6 bxc6 27. Rxc6 f5
28. Qf3 Qxf3 29. gxf3 Bf4 30. Rec1 Rab8 31. Ba3 Rb3 32. R1c3 Rxc3 33. Rxc3 Bg5
34. f4 Bh4 35. Rc6 Rb8 36. Rxa6 Rb1+ 37. Kg2 Ra1 38. Bb4 Rb1 39. Ba5 Ra1 40.
Ra8+ Kf7 41. Bd8 Bxd8 42. Rxd8 Ke6 43. Ra8 Ra2 44. a5 Kf6 45. a6 Kg6 46. a7 h6
47. Rd8 Rxa7 48. Rxd5 Ra6 49. Re5 Ra2 50. Kg3 Rd2 51. f3 Rd3 52. Kf2 Rd2+ 53.
Ke1 Rh2 54. d5 Ra2 55. d6 Ra6 1-0

[Event "4NCL Division Three Knights"]
[Site "Milton Keynes, ENG"]
[Date "2023.11.12"]
[Round "2.11"]
[White "Gilmore, Simon N"]
[Black "Brown, Thomas"]
[Result "1/2-1/2"]
[WhiteElo "2061"]
[BlackElo "2111"]
[PlyCount "84"]
[EventDate "2023.11.12"]
[WhiteTeam "Iceni 1"]
[BlackTeam "Rhyfelwyr Essyllwg"]

1. e4 c5 2. c4 Nc6 3. Ne2 g6 4. d4 cxd4 5. Nxd4 Nf6 6. Nc3 Nxd4 7. Qxd4 d6 8.
Be2 Bg7 9. O-O O-O 10. Qd3 Be6 11. Be3 Qa5 12. Rac1 Rfc8 13. b3 Nd7 14. Qd2 a6
15. Rfd1 b5 16. Nd5 Qxd2 17. Bxd2 Bxd5 18. cxd5 Kf8 19. Rxc8+ Rxc8 20. Rc1
Rxc1+ 21. Bxc1 Nc5 22. f3 Bd4+ 23. Kf1 b4 24. Bc4 a5 25. Ke2 Kg7 26. a3 Nd7 27.
axb4 axb4 28. Bd2 Bc5 29. Ba6 h6 30. f4 f5 31. Bd3 fxe4 32. Bxe4 Nb6 33. g4 h5
34. h3 hxg4 35. hxg4 Na8 36. Kd3 Nb6 37. Bf3 Kf7 38. Be4 Kg7 39. Bc1 Kf7 40.
Bb2 Bg1 41. Bc1 Bf2 42. Bd2 Bc5 1/2-1/2

[Event "4NCL Division Three Knights"]
[Site "Milton Keynes, ENG"]
[Date "2023.11.12"]
[Round "2.12"]
[White "Smith, Olivia"]
[Black "Hughes, Roy"]
[Result "1-0"]
[WhiteElo "2079"]
[BlackElo "2052"]
[PlyCount "75"]
[EventDate "2023.11.12"]
[WhiteTeam "Rhyfelwyr Essyllwg"]
[BlackTeam "Iceni 1"]

1. e4 d5 2. exd5 Qxd5 3. Nc3 Qd6 4. d4 Nf6 5. Nf3 c6 6. Ne5 Nbd7 7. Nc4 Qc7 8.
a4 Nb6 9. Ne5 Nbd5 10. Qf3 e6 11. Bc4 Bd6 12. Qe2 O-O 13. O-O Re8 14. f4 Bd7
15. Kh1 Nxc3 16. bxc3 a6 17. a5 c5 18. Bd2 Bc6 19. Bd3 Bd5 20. c4 Bc6 21. c3 b6
22. axb6 Qxb6 23. Bc2 Bb7 24. Rfb1 Qc7 25. Be1 Reb8 26. Bh4 Nd7 27. Bxh7+ Kxh7
28. Qh5+ Kg8 29. Qxf7+ Kh7 30. Nxd7 Kh8 31. Qh5+ Kg8 32. Nxb8 Rxb8 33. Qg6 Qd7
34. Re1 Bxf4 35. Qxe6+ Qxe6 36. Rxe6 Kf7 37. Re7+ Kf8 38. Rf1 1-0

[Event "4NCL Division Three Knights"]
[Site "Milton Keynes, ENG"]
[Date "2023.11.12"]
[Round "2.13"]
[White "Calvert, D Ian"]
[Black "Van Kemenade, Rudy"]
[Result "1/2-1/2"]
[WhiteElo "2019"]
[BlackElo "1946"]
[PlyCount "112"]
[EventDate "2023.11.12"]
[WhiteTeam "Iceni 1"]
[BlackTeam "Rhyfelwyr Essyllwg"]

1. b3 e5 2. Bb2 d6 3. d4 e4 4. d5 c5 5. dxc6 bxc6 6. e3 Nf6 7. c4 Be7 8. Nc3
O-O 9. Nge2 Bg4 10. h3 Bxe2 11. Bxe2 Nbd7 12. O-O Qa5 13. Qc2 d5 14. Rfd1 dxc4
15. Nxe4 cxb3 16. axb3 Qc7 17. Rac1 Rab8 18. Nxf6+ Nxf6 19. Bf3 c5 20. Rd3 Rfd8
21. Rcd1 Rxd3 22. Rxd3 Qa5 23. Be5 Rd8 24. Rxd8+ Qxd8 25. Bxf6 gxf6 26. Qc4 Qd7
27. Bd5 Bf8 28. h4 f5 29. g3 Kg7 30. Kg2 Bd6 31. f4 Qe7 32. Kf3 Qf6 33. Qd3 Qg6
34. Bc4 Qf6 35. Qd5 h5 36. Bd3 Kg6 37. e4 fxe4+ 38. Qxe4+ Kg7 39. Qh7+ Kf8 40.
Qxh5 Qa1 41. Qh6+ Ke7 42. Qg5+ f6 43. Qg7+ Kd8 44. Qg8+ Kc7 45. Qc4 a5 46. Be4
Qd1+ 47. Kg2 Qd4 48. Qxd4 cxd4 49. Kf3 Kb6 50. Ke2 Bf8 51. Kd3 Kc5 52. g4 Bd6
53. g5 Bxf4 54. gxf6 Bh6 55. Bb7 Kd6 56. Kxd4 Ke6 1/2-1/2

[Event "4NCL Division Three Knights"]
[Site "Milton Keynes, ENG"]
[Date "2023.11.12"]
[Round "2.14"]
[White "Trevelyan, John"]
[Black "Ortiz Sanchez, Luis"]
[Result "1/2-1/2"]
[WhiteElo "1864"]
[BlackElo "1978"]
[PlyCount "163"]
[EventDate "2023.11.12"]
[WhiteTeam "Rhyfelwyr Essyllwg"]
[BlackTeam "Iceni 1"]

1. d4 d5 2. Nf3 Nf6 3. c4 c6 4. cxd5 cxd5 5. Nc3 Nc6 6. Bf4 Bf5 7. e3 e6 8. Bb5
Nd7 9. O-O Rc8 10. Rc1 a6 11. Bd3 Bg4 12. a3 Be7 13. Qc2 Bxf3 14. gxf3 f5 15.
Kh1 O-O 16. Rg1 Kh8 17. Bg3 h6 18. f4 Nb6 19. Qe2 Qe8 20. Nb1 Qf7 21. Nd2 Rc7
22. Nf3 Rfc8 23. Rc2 Bd6 24. Rgc1 Na5 25. Ne5 Bxe5 26. fxe5 Nb3 27. Rxc7 Rxc7
28. Rxc7 Qxc7 29. Qh5 Qc6 30. Qf7 Kh7 31. Bxf5+ exf5 32. e6 Nd2 33. Qxf5+ Kh8
34. h4 Nc8 35. Be5 Qe8 36. Qf7 Qg8 37. Qxb7 Nd6 38. Qxd5 Ne8 39. Qc6 Qf8 40.
Qxa6 Qxf2 41. e7 Qf3+ 42. Kh2 Qxe3 43. Qc6 Nf3+ 44. Kg2 Qg1+ 45. Kh3 Qh1+ 46.
Kg3 Qh2+ 47. Kg4 Qxh4+ 48. Kf5 Qh5+ 49. Kf4 Qf7+ 50. Ke3 Nxe5 51. dxe5 Qxe7 52.
Qe4 Nc7 53. b4 Qg5+ 54. Ke2 Qh5+ 55. Ke1 Qe8 56. Qe3 Ne6 57. Kf2 Qf7+ 58. Ke2
Qd7 59. Qb6 Nd4+ 60. Ke3 Nc2+ 61. Ke4 Qg4+ 62. Kd5 Qf3+ 63. Kd6 Nxa3 64. Ke7
Nc4 65. Qb8+ Kh7 66. e6 Qf6+ 67. Kd7 Qd4+ 68. Ke8 Nd6+ 69. Ke7 Qf6+ 70. Kd7 Nf5
71. Qb6 Qe7+ 72. Kc8 Nd6+ 73. Kb8 Qxe6 74. Qc6 Qe5 75. Kc7 Nb5+ 76. Kb7 Nd4 77.
Qc3 Qe4+ 78. Kb6 h5 79. b5 h4 80. Qc5 Ne6 81. Qh5+ Kg8 82. Qe8+ 1/2-1/2

[Event "4NCL Division Three Knights"]
[Site "Milton Keynes, ENG"]
[Date "2023.11.12"]
[Round "2.15"]
[White "Wasilak, Piotr"]
[Black "Hatchett, Paul"]
[Result "1-0"]
[WhiteElo "1968"]
[BlackElo "1949"]
[PlyCount "55"]
[EventDate "2023.11.12"]
[WhiteTeam "Iceni 1"]
[BlackTeam "Rhyfelwyr Essyllwg"]

1. e4 Nf6 2. Nc3 e5 3. Nf3 Nc6 4. Bb5 Bc5 5. Bxc6 dxc6 6. h3 Be6 7. d3 h6 8.
Qe2 Qd6 9. a3 a5 10. Be3 Nh5 11. Bxc5 Qxc5 12. Qe3 Qd6 13. g3 O-O 14. d4 exd4
15. Nxd4 Rfe8 16. O-O-O Qc5 17. g4 Nf6 18. Rhe1 b5 19. Nxe6 Qxe3+ 20. Rxe3 Rxe6
21. e5 Nh7 22. Rd7 Rc8 23. Ne2 Nf8 24. Rdd3 c5 25. Rd5 Rc6 26. f4 Ne6 27. f5
Rd8 28. fxe6 1-0

[Event "4NCL Division Three Knights"]
[Site "Milton Keynes, ENG"]
[Date "2023.11.12"]
[Round "2.16"]
[White "Van Kemenade, Julie"]
[Black "Reynolds, D Ian W"]
[Result "0-1"]
[WhiteElo "1683"]
[BlackElo "1913"]
[PlyCount "64"]
[EventDate "2023.11.12"]
[WhiteTeam "Rhyfelwyr Essyllwg"]
[BlackTeam "Iceni 1"]

1. e4 e5 2. Nf3 Nc6 3. Bb5 Nge7 4. O-O g6 5. c3 a6 6. Ba4 b5 7. Bb3 Bg7 8. d3
O-O 9. Re1 Na5 10. Bc2 c5 11. Nbd2 Nac6 12. Nf1 d6 13. Ne3 Kh8 14. Bb3 Na5 15.
Bc2 f6 16. b4 cxb4 17. cxb4 Nac6 18. Bd2 d5 19. Bb3 Be6 20. Rc1 Rc8 21. Rc5 Bg8
22. Qc2 dxe4 23. dxe4 Nd4 24. Nxd4 Qxd4 25. Bc3 Rxc5 26. bxc5 Qxc5 27. Bxg8
Rxg8 28. Qb3 Nc6 29. Rd1 Nd4 30. Qb2 Qxc3 31. Qxc3 Ne2+ 32. Kf1 Nxc3 0-1

[Event "4NCL Division Three Knights"]
[Site "Milton Keynes, ENG"]
[Date "2023.11.12"]
[Round "2.21"]
[White "Hedger, Alec"]
[Black "Ciuravin, Andrei"]
[Result "1-0"]
[WhiteElo "2055"]
[BlackElo "2185"]
[PlyCount "65"]
[EventDate "2023.11.12"]
[WhiteTeam "Sussex Martlets 2"]
[BlackTeam "Hull & East Riding Tigers"]

1. e4 g6 2. d4 Bg7 3. Nc3 d6 4. Be3 c6 5. Qd2 b5 6. O-O-O Nf6 7. f3 h5 8. h4
Qc7 9. e5 b4 10. Ne4 Nxe4 11. fxe4 dxe5 12. dxe5 a5 13. Bc4 O-O 14. Nf3 Bg4 15.
Bh6 Bxf3 16. gxf3 Qxe5 17. Bxg7 Kxg7 18. Rhg1 Qc5 19. Qe2 Qe5 20. Qe3 Na6 21.
f4 Qc5 22. Qe2 Nc7 23. Rg5 Qb6 24. f5 Rad8 25. Rdg1 Rh8 26. Qg2 Qe3+ 27. Kb1
Rd6 28. f6+ Rxf6 29. e5 Rf2 30. Rxg6+ Kh7 31. Rg7+ Kh6 32. Qg6+ fxg6 33. R1xg6#
1-0

[Event "4NCL Division Three Knights"]
[Site "Milton Keynes, ENG"]
[Date "2023.11.12"]
[Round "2.22"]
[White "Varley, Joe"]
[Black "Nguyen, Anh"]
[Result "1-0"]
[WhiteElo "2083"]
[BlackElo "1924"]
[PlyCount "75"]
[EventDate "2023.11.12"]
[WhiteTeam "Hull & East Riding Tigers"]
[BlackTeam "Sussex Martlets 2"]

1. e4 c5 2. Nf3 d6 3. c3 Nf6 4. h3 a6 5. Bd3 Nbd7 6. a4 g6 7. O-O Bg7 8. Bc2
O-O 9. d4 Qc7 10. Re1 e5 11. Nbd2 Rd8 12. Nf1 b6 13. Bg5 Nf8 14. Ne3 Be6 15.
Ng4 Bxg4 16. hxg4 N8d7 17. Rc1 Re8 18. dxe5 Nxe5 19. Nxe5 Rxe5 20. Bf4 Re6 21.
f3 b5 22. Qd2 Rd8 23. Rcd1 Rd7 24. Re2 Qc6 25. g5 Ne8 26. Bg3 Ree7 27. Qd5 Qxd5
28. Rxd5 b4 29. cxb4 Bxb2 30. Bd3 Nc7 31. Rxb2 Nxd5 32. exd5 Re8 33. Bxa6 cxb4
34. Bb5 Ree7 35. Bxd7 Rxd7 36. Rxb4 Kg7 37. Bf2 Rd8 38. a5 1-0

[Event "4NCL Division Three Knights"]
[Site "Milton Keynes, ENG"]
[Date "2023.11.12"]
[Round "2.23"]
[White "Graham, William M"]
[Black "Larchikov, Maksym"]
[Result "1/2-1/2"]
[WhiteElo "1943"]
[BlackElo "2080"]
[PlyCount "41"]
[EventDate "2023.11.12"]
[WhiteTeam "Sussex Martlets 2"]
[BlackTeam "Hull & East Riding Tigers"]

1. c4 e6 2. g3 d5 3. d4 Nf6 4. Nf3 Be7 5. Bg2 O-O 6. O-O dxc4 7. Qc2 a6 8. a4
c5 9. Qxc4 Nc6 10. dxc5 Qd5 11. Nbd2 Bxc5 12. Qxd5 Nxd5 13. Ne4 Be7 14. Bd2 e5
15. Rfd1 Rd8 16. Nc3 Nxc3 17. Bxc3 Rxd1+ 18. Rxd1 f6 19. Ne1 Be6 20. Bd5 Kf7
21. Nc2 1/2-1/2

[Event "4NCL Division Three Knights"]
[Site "Milton Keynes, ENG"]
[Date "2023.11.12"]
[Round "2.24"]
[White "Gardiner, Eric D"]
[Black "Honarvarmahalati, Hooman"]
[Result "1/2-1/2"]
[WhiteElo "1982"]
[BlackElo "1848"]
[PlyCount "64"]
[EventDate "2023.11.12"]
[WhiteTeam "Hull & East Riding Tigers"]
[BlackTeam "Sussex Martlets 2"]

1. e4 c6 2. d4 d5 3. exd5 cxd5 4. Bd3 Nc6 5. c3 Nf6 6. h3 e5 7. dxe5 Nxe5 8.
Nf3 Nxd3+ 9. Qxd3 Be7 10. O-O O-O 11. Be3 b6 12. Nbd2 Qd6 13. Rfe1 Re8 14. Rad1
Bb7 15. Bg5 Rad8 16. Nd4 Qd7 17. Nf5 Bf8 18. Nf3 Rxe1+ 19. Rxe1 Re8 20. Rxe8
Nxe8 21. N3d4 Nd6 22. Nxd6 Qxd6 23. Qe3 Qg6 24. Be7 Qe4 25. Qxe4 dxe4 26.
Bxf8 Kxf8 27. Kf1 g6 28. Ke2 Ke7 29. Ke3 a6 30. g3 Kd6 31. Nb3 Kd5 32. Nd2 f5
1/2-1/2

[Event "4NCL Division Three Knights"]
[Site "Milton Keynes, ENG"]
[Date "2023.11.12"]
[Round "2.25"]
[White "Airlie, Arran"]
[Black "Vleeshhouwer, Douglas"]
[Result "1-0"]
[WhiteElo "1898"]
[BlackElo "1967"]
[PlyCount "45"]
[EventDate "2023.11.12"]
[WhiteTeam "Sussex Martlets 2"]
[BlackTeam "Hull & East Riding Tigers"]

1. e4 c5 2. Nf3 e6 3. b3 d5 4. exd5 exd5 5. Bb5+ Bd7 6. Bxd7+ Nxd7 7. O-O Be7
8. Re1 Ngf6 9. Qe2 Kf8 10. d4 Ne4 11. Bb2 Ndf6 12. Nbd2 Rc8 13. Rad1 cxd4 14.
Nxe4 Nxe4 15. Nxd4 Bb4 16. Nf5 f6 17. Qg4 g6 18. Rxe4 gxf5 19. Qxf5 dxe4 20.
Rxd8+ Rxd8 21. Qxf6+ Ke8 22. Qxh8+ Kd7 23. Qxh7+ 1-0

[Event "4NCL Division Three Knights"]
[Site "Milton Keynes, ENG"]
[Date "2023.11.12"]
[Round "2.26"]
[White "Thompson, Keith"]
[Black "Buckland, Louis"]
[Result "0-1"]
[WhiteElo "1882"]
[BlackElo "1846"]
[PlyCount "86"]
[EventDate "2023.11.12"]
[WhiteTeam "Hull & East Riding Tigers"]
[BlackTeam "Sussex Martlets 2"]

1. e4 c6 2. d4 d5 3. Nc3 dxe4 4. Nxe4 Nf6 5. Nxf6+ exf6 6. c3 Bd6 7. Bc4 O-O 8.
Ne2 Re8 9. O-O Qc7 10. Ng3 Nd7 11. Re1 Rxe1+ 12. Qxe1 Nf8 13. Bd2 Bd7 14. Qe2
Re8 15. Qh5 Be6 16. Bd3 Bf4 17. Be3 b5 18. Qf3 Bxe3 19. fxe3 Qd7 20. a4 bxa4
21. e4 Bb3 22. Nf5 Ng6 23. Qg4 Be6 24. Rxa4 c5 25. Rc4 cxd4 26. Rxd4 Qc7 27.
Qg3 Qxg3 28. Nxg3 Ne5 29. Be2 g6 30. h3 Rb8 31. Rd2 a5 32. Nf1 Bc4 33. Ne3 Bxe2
34. Rxe2 Rd8 35. Nd5 Kg7 36. Kf2 f5 37. Nb6 fxe4 38. Rxe4 Nd3+ 39. Kg3 Nxb2 40.
Re5 a4 41. Ra5 Rd3+ 42. Kh2 Rxc3 43. Nxa4 Ra3 0-1

[Event "4NCL Division Three Knights"]
[Site "Milton Keynes, ENG"]
[Date "2023.11.12"]
[Round "2.31"]
[White "Seymour, Timothy P"]
[Black "Cooksey, Paul S"]
[Result "0-1"]
[WhiteElo "2217"]
[BlackElo "2330"]
[PlyCount "66"]
[EventDate "2023.11.12"]
[WhiteTeam "Surbiton"]
[BlackTeam "Crowthorne A"]

1. Nf3 d5 2. e3 Nf6 3. c4 c6 4. Nc3 a6 5. Be2 Bg4 6. Qb3 Ra7 7. h3 Bxf3 8. Bxf3
e6 9. O-O Nbd7 10. d4 Be7 11. e4 dxe4 12. Nxe4 Nxe4 13. Bxe4 Nf6 14. Bf3 Qd7
15. Bf4 O-O 16. Rad1 Rd8 17. Qb6 Raa8 18. Rfe1 Re8 19. Be5 h6 20. Re3 Bd8
21. Qb3 Be7 22. Red3 a5 23. d5 exd5 24. Bxf6 Bxf6 25. cxd5 c5 26. d6 Bd4 27.
Qxb7 Qxd6 28. Bd5 Rf8 29. b3 Rae8 30. Rf3 Re7 31. Qc6 Rd8 32. Qxd6 Rxd6 33. Rf5
g6 0-1

[Event "4NCL Division Three Knights"]
[Site "Milton Keynes, ENG"]
[Date "2023.11.12"]
[Round "2.32"]
[White "Webb, Richard M"]
[Black "Scott, David A"]
[Result "1-0"]
[WhiteElo "2157"]
[BlackElo "2051"]
[PlyCount "77"]
[EventDate "2023.11.12"]
[WhiteTeam "Crowthorne A"]
[BlackTeam "Surbiton"]

1. e4 c6 2. d3 d5 3. Nd2 g6 4. g3 Bg7 5. Bg2 Nh6 6. Ngf3 O-O 7. O-O e5 8. c3 f6
9. d4 Nf7 10. dxe5 fxe5 11. Re1 Be6 12. Nb3 Na6 13. Be3 b6 14. Qd2 Qd7 15. exd5
cxd5 16. Ng5 Nxg5 17. Bxg5 Rae8 18. Bh6 Bxh6 19. Qxh6 e4 20. Qd2 Qf7 21. Re3
Bg4 22. h3 Bf3 23. Bxf3 exf3 24. Rae1 Rxe3 25. Rxe3 Nc5 26. Nd4 Ne4 27. Qd1
Nxg3 28. fxg3 f2+ 29. Kf1 Qd7 30. Qg4 Qb7 31. Qe6+ Kh8 32. Qe5+ Kg8 33. Qe6+
Kh8 34. Rf3 Rxf3 35. Nxf3 Qa6+ 36. Kxf2 Qxa2 37. Qf6+ Kg8 38. Qe6+ Kh8 39. Qe2
1-0